000 00632nam a2200229 i 4500
001 C2-0295090
003 PPAK
005 20180728030723.0
008 090319s2008 my a|||| ||||| | may d
020 _a9789673070510
040 _aPPAK
_beng
_cPPAK
_erda
082 0 4 _a899.231
_223
090 0 0 _a899.231
_bPAN
_dK
245 0 0 _aPantun teka-teki untuk sekolah rendah
264 1 _aKuala Lumpur :
_bPenerbitan Fargoes ,
_c2008
300 _a48 pages :
_billustrations ;
_c21 cm
336 _2rdacontent
_atext
337 _2rdamedia
_aunmediated
338 _2rdacarrier
_avolume
650 1 0 _aQuatrains, Malay
942 _ddc
_cB
999 _c99673
_d99673